000 01280nam2a2200265 4500
001 RU\NLR\BIBL_A\012810321
005 20250624165226.0
010 _a978-5-17-120804-2
_92000
021 _aRU
_b2022-13392
_9КН-П-1146
035 _a(RuMoRGB)010999655
035 _a(NLR Aleph) 012810321
090 _a13209605
_c13209605
100 _a20220606d2021 |||y0rusy50 ca
101 1 _arus
_ceng
102 _aRU
105 _ay|||z|||000ay
200 1 _aДуша Демона
_e[фантастический роман]
_f...перевод с английского Екатерины и Кирилла Толстых
210 _d2021 (макет 2022)
_aБ. м.
215 _a507, [3] с.
461 0 _1001RU\NLR\BIBL_A\012799470
_12001#$aWorld of WarCraft$iТрилогия Войны Древних$fРичард А. Кнаак$gперевод с английского Александры Малько$vКн. 2
_1700#1$aКнаак$bР.$f1961-$gРичард$3RU\NLR\AUTH\7770890
_913178319
_aКнаак, Р. (1961-)
_cМосква
_d2021
_fРичард А. Кнаак
_iТрилогия Войны Древних
_nАСТ
_tWorld of WarCraft
_vКн. 2
942 _cBOOK
980 _aNB